European cities and towns : 400-2000 (Record no. 257486)

MARC details
000 -LEADER
fixed length control field 00690nam a2200217Ia 4500
008 - FIXED-LENGTH DATA ELEMENTS--GENERAL INFORMATION
fixed length control field 191130s2009##################000#0#eng##
020 ## - INTERNATIONAL STANDARD BOOK NUMBER
ISBN 9780198700548
082 ## - DEWEY DECIMAL CLASSIFICATION NUMBER
Classification number 307.76094 CLA
100 ## - MAIN ENTRY--AUTHOR NAME
Personal name Clark, Peter
245 ## - TITLE STATEMENT
Title European cities and towns : 400-2000
Statement of responsibility, etc Peter Clark
260 ## - PUBLICATION, DISTRIBUTION, ETC. (IMPRINT)
Place of publication Oxford
Name of publisher Oxford University Press
Year of publication c2009
300 ## - PHYSICAL DESCRIPTION
Number of Pages xiii, 412 p. ; ; 24 cm
500 ## - GENERAL NOTE
General note Includes bibliographical references (p. [371]-386) and index
650 ## - SUBJECT ADDED ENTRY--TOPICAL TERM
Topical Term Cities and towns - Europe - History
Topical Term Urbanization - Europe - History
991 ## -
-- 41388
Holdings
Withdrawn status Lost status Damaged status Not for loan Home library Current library Shelving location Date acquired Full call number Accession Number Price effective from Koha item type
        Anna Centenary Library Anna Centenary Library 3RD FLOOR, B WING 13.10.2020 307.76094 CLA 182473 13.10.2020 English Books
        Anna Centenary Library Anna Centenary Library 3RD FLOOR, B WING 13.10.2020 307.76094 CLA 262658 13.10.2020 English Books

Find us on the map